Normal view
MARC view
- الإرشاد التربوي-التربية-التعليم-التوجيه والإرشاد-الإشراف التربوي
Entry Topical Term
001 - CONTROL NUMBER
- control field: 21831
003 - CONTROL NUMBER IDENTIFIER
- control field: JO-AjAnu
005 - DATE AND TIME OF LATEST TRANSACTION
- control field: 20230606073758.0
008 - FIXED-LENGTH DATA ELEMENTS
- fixed length control field: 230606|| aca||aabn | a|a d
040 ## - CATALOGING SOURCE
- Original cataloging agency: JO-AjAnu
- Transcribing agency: JO-AjAnu
150 ## - HEADING--TOPICAL TERM
- Topical term or geographic name entry element: الإرشاد التربوي-التربية-التعليم-التوجيه والإرشاد-الإشراف التربوي
670 ## - SOURCE DATA FOUND
- Source citation: Work cat.: (JO-AjAnu)11219: زيدان،سليمان داود تأليف/شواقفة،سبل موسى م.مشارك, author 21830, دليل المرشد التربوي في مجال التوجيه الجمعي